000 01248cam a2200337 a 4500
001 3399361
003 OSt
005 20140310184423.0
008 890918s1990 nyua j 000 1 eng
010 _a 89027856
020 _a059009842X
040 _aDLC
_cDLC
_dDLC
042 _alcac
050 0 0 _aPZ 7
_b.P75186Ju 1990
100 1 _aPolacco, Patricia.
_923184
245 1 0 _aJust plain fancy /
_cPatricia Polacco.
260 _aNew York, N.Y. :
_bBantam Books,
_c1990.
300 _bcol. ill. ;
_c28 cm.
520 _aNaomi, an Amish girl whose elders have impressed upon her the importance of adhering to the simple ways of her people, is horrified when one of her hen eggs hatches into an extremely fancy bird.
521 _aG4
526 _c660
562 _e1
650 1 _aAmish
_xFiction.
_926818
650 1 _aPeacocks
_xFiction.
_926819
650 1 _aEggs
_xFiction.
_926820
856 4 2 _3Publisher description
_uhttp://www.loc.gov/catdir/description/random0410/89027856.html
906 _a7
_bcbc
_corignew
_d1
_eocip
_f19
_gy-gencatlg
942 _2lcc
_cBK-SCHOLAS
999 _c34273
_d34273